Central Library OPAC University of Rajshahi

Interperiod allocation of corporate income taxes / (Record no. 57187)

MARC details
000 -LEADER
fixed length control field 01124nam a2200301 a 4500
001 - CONTROL NUMBER
control field 57187
003 - CONTROL NUMBER IDENTIFIER
rucl marc code BD-RjUL
005 - DATE AND TIME OF LATEST TRANSACTION
control field 20211209080458.0
008 - FIXED-LENGTH DATA ELEMENTS--GENERAL INFORMATION
fixed length control field 161206s1966 nyu b 000 0 eng u
035 ## - SYSTEM CONTROL NUMBER
System control number (BD-RjUL)57311
040 ## - CATALOGING SOURCE
Transcribing agency MLL
Modifying agency m.c.
-- RCD
Original cataloging agency BD-RjUL
Language of cataloging eng
041 ## - LANGUAGE CODE
Language code of text/sound track or separate title eng
082 ## - DEWEY DECIMAL CLASSIFICATION NUMBER
Edition number 23
Classification number 657.95
Author mark and year BLI 1966
090 ## - LOCALLY ASSIGNED LC-TYPE CALL NUMBER (OCLC); LOCAL CALL NUMBER (OCLC)
Classification number (OCLC) (R) ; Classification number, CALL (RLIN) (NR) HF5635
Local cutter number (OCLC) ; Book number/undivided call number, CALL (RLIN) .A513 no.9
099 ## - LOCAL FREE-TEXT CALL NUMBER (OCLC)
Bangla Class number HF5635.A513 no.9
100 1# - MAIN ENTRY--PERSONAL NAME
Personal name Black, Homer A.,
Dates associated with a name 1923-
9 (RLIN) 166082
245 10 - TITLE STATEMENT
Title Interperiod allocation of corporate income taxes /
Statement of responsibility, etc. Homer A Black; American Institute of Certified Public Accountants. Accounting Research Division
260 ## - PUBLICATION, DISTRIBUTION, ETC. (IMPRINT)
Place of publication, distribution, etc. New York :
Name of publisher, distributor, etc. American Institute of Certified Public Accountants,
Date of publication, distribution, etc. c1966
300 ## - PHYSICAL DESCRIPTION
Pagination 123 p. ;
Size 22 cm.
490 1# - SERIES STATEMENT
Series statement American Institute of Certified Public Accountants. Accounting research study,
Volume/sequential designation no. 9
504 ## - BIBLIOGRAPHY, ETC. NOTE
Bibliography, etc Bibliography: p. 121-123.
650 #0 - SUBJECT ADDED ENTRY--TOPICAL TERM
Topical term or geographic name as entry element Corporations
General subdivision Taxation
Geographic subdivision United States.
9 (RLIN) 169846
Topical term or geographic name as entry element Corporations
Geographic subdivision United States
General subdivision Accounting.
9 (RLIN) 169847
830 #0 - SERIES ADDED ENTRY--UNIFORM TITLE
Uniform title Accounting research study ;
Volume number/sequential designation no. 9.
942 ## - ADDED ENTRY ELEMENTS (KOHA)
Source of classification or shelving scheme Dewey Decimal Classification
Koha item type Books
949 ## - LOCAL PROCESSING INFORMATION (OCLC)
a MYGD
-- MYGD
Holdings
Lost status Source of classification or shelving scheme Damaged status Not for loan Collection code Permanent Location Current Location Shelving location Date acquired Source of acquisition Cost, normal purchase price Total Checkouts Full call number Date last seen Copy number Koha item type
  Dewey Decimal Classification   Not For Loan Non-fiction Central Library, University of Rajshahi Central Library, University of Rajshahi Reading Room 07/07/1970 Zeitlinger 21.00   657.95 BLI 1966 06/12/2016 C-1 Books
  Dewey Decimal Classification     Non-fiction Central Library, University of Rajshahi Central Library, University of Rajshahi   07/07/1970 Zeitlinger 21.00   657.95 BLI 1966 06/12/2016 C-2 Books